00778nab a2200217 uc450000100070000000500170000700800410002403500110006503500210007604000130009704100080011010000480011824500760016665000490024265000240029165000270031565000260034277301650036894200100053399900170054328850320240822094804.0980818nuuuuuuuu spa  a288503 a(OCoLC)819765919 ccomduadb aspa10aRomán Alcalá, Ramón4auteaut948376810aLogos y antilogos en Protagoras: La inagotabilidad del campo veritativo aProtagoras - Critica e interpretacion935549 7aRazón2lemb93133 aContradicción944523 7aRetórica2lemb91440 tPensamiento : Revista de Investigación e Información Filosófica (Madrid)gVolumen 54, Número 208, Enero-Abril 1998, p. 145-151w125459x0031-4749069984 cARIMP c99337d99337